El hijo de Tiziano / (Record no. 18913)

MARC details
000 -LEADER
campo de control de longitud fija 00700nam a2200241 i 4500
001 - NÚMERO DE CONTROL
campo de control 18913
003 - IDENTIFICADOR DE NÚMERO DE CONTROL
campo de control ES-MaACL
005 - FECHA Y HORA DE LA ÚLTIMA TRANSACCIÓN
campo de control 20260307063014.0
007 - CAMPO FIJO DE DESCRIPCIÓN FÍSICA--INFORMACIÓN GENERAL
campo de control de longitud fija t|
008 - DATOS DE LONGITUD FIJA--INFORMACIÓN GENERAL
campo de control de longitud fija 020410s2001 sp ||||1| spa d
020 ## - NÚMERO INTERNACIONAL ESTÁNDAR DEL LIBRO
Número Internacional Estándar del Libro 84-931725-6-1
080 ## - NÚMERO DE LA CLASIFICACIÓN DECIMAL UNIVERSAL
Número de la Clasificación Decimal Universal 821.133.1-31"18"
100 ## - ENTRADA PRINCIPAL--NOMBRE DE PERSONA
Nombre de persona Musset, Alfred de,
Fechas asociadas al nombre 1810-1857
9 (RLIN) 223345
245 13 - MENCIÓN DEL TÍTULO
Título El hijo de Tiziano /
Mención de responsabilidad, etc. Alfred de Musset ; traducción de Marta Ranch.
250 ## - MENCION DE EDICION
Mención de edición 1ª ed.
260 ## - PUBLICACIÓN, DISTRIBUCIÓN, ETC.
Lugar de publicación, distribución, etc. Barcelona :
Nombre del editor, distribuidor, etc. Littera,
Fecha de publicación, distribución, etc. 2001.
300 ## - DESCRIPCIÓN FÍSICA
Extensión 205 p. :
Otras características físicas il. ;
Dimensiones 22 cm.
490 1# - MENCIÓN DE SERIE
Mención de serie Clásicos ;
Designación de volumen o secuencia 2
700 1# - ENTRADA AGREGADA--NOMBRE PERSONAL
Nombre de persona Ranch, Marta.
9 (RLIN) 95395
830 0# - PUNTO DE ACCESO ADICIONAL DE SERIE-TÍTULO UNIFORME
Título uniforme Clásicos ;
Designación de volumen o secuencia 2
9 (RLIN) 177532
852 ## - LOCALIZACIÓN
Ubicación ES-MaACL
Número de control de estantería L-25402
Sublocalización o colección R.130782
Holdings
Estatus retirado Estado de pérdida Estado de daño No para préstamo Biblioteca de origen Biblioteca actual Ubicación en estantería Fecha de adquisición Fuente de adquisición Total de préstamos Signatura topográfica completa Código de barras Visto por última vez Precio de reemplazo Tipo de ítem Koha
        Biblioteca del Ateneo de Madrid Biblioteca del Ateneo de Madrid Depósito 2 17/01/2008     L-25402 1019351 23/02/2023 23/02/2023 Libro impreso